| 000 | 00622nam a22001457a 4500 | ||
|---|---|---|---|
| 003 | SGT | ||
| 082 |
_a617.69 _bA23M |
||
| 100 | _aMalhotra, Taniya | ||
| 245 |
_aA comparative evaluation of Prosthetic and biological outcome as influenced by twoo different implant restorative materials (Porcelain fused to metal and monolith Zirconia) _bA Prospective, Cross-Arch study |
||
| 260 |
_aGurugram, Haryana _bSGT University _c2023 |
||
| 300 | _a150 | ||
| 650 | _aProsthodontics, Crown & Bridge and Oral Implantology | ||
| 653 | _aProsthodontics, Crown & Bridge and Oral Implantology; Zirconia; Cross-arch study | ||
| 942 |
_2ddc _cTH |
||
| 999 |
_c23717 _d23717 |
||